000 00355pab a2200145 454500
008 180718b1985 xxu||||| |||| 00| 0 eng d
100 _aJoshi, P.N.
245 _aBanking scene during 1985
260 _c1985
300 _a204-20
362 _aOct.-Dec.
650 _aBanks - India
773 _aJournal of the Indian Institure of bankers
909 _a4320
999 _c4320
_d4320